| 000 | 00754nas a2200217 4500 | ||
|---|---|---|---|
| 005 | 20080925050328.0 | ||
| 008 | 750824c19479999nyuqr p 0 a0eng d | ||
| 010 | _aENG-92544 | ||
| 020 |
_c60.00 _a8177355104 |
||
| 035 | _aEN-76077 | ||
| 037 | _bDBAD / PUB | ||
| 040 |
_adpl _bEnglish |
||
| 082 | _a338.04 | ||
| 100 | _aClement, D.A.V. | ||
| 245 |
_aEntrepreneurship development / _cby D.A.V. Clement |
||
| 260 |
_aChennai _bPavai Publications _c2007 |
||
| 300 |
_a120p. _c20cm (pbk) |
||
| 650 | _aEntrepreneurship. | ||
| 942 |
_2ddc _cEN _mCLE _h338.04 |
||
| 999 |
_c21082 _d21082 |
||